000 01107nam a2200373Mi 4500
001 57242
005 20230410124109.0
008 050614s2005 sp 000 0 spa d
035 _a(OCoLC)ocn181461895
040 _aGWDNB
_erakwb
_bger
_cGWDNB
016 7 _a975268597
_2GyFmDB
020 _a8481915653
020 _a9788481915655
020 _a8481916323 (aufgeklebt)
020 _a9788481916324 (aufgeklebt)
035 _a(OCoLC)181461895
041 1 _aspa
_hger
084 _a900
_2GyFmDB
049 _aGRAL
050 1 4 _aM965 2005
245 0 3 _aEl mundo transformado
_buna cartilla ilustrada de nuestro tiempo
250 _a1. ed.
260 _aValencia
_bEd. Pre-Textos
_c2005
300 _a509 S.
_bzahlr. Ill.
_c24 cm
440 0 _aPre-textos
_v717 : Ensayo
490 1 _aPre-textos
_v717 : Ensayo
501 _aEl instante peligroso : una colección de imâagenes e informes [u.a.]
700 1 _aJèunger, Ernst
_4aut
700 1 _aSâanchez Durá, Nicolâas
_eHrsg.
_4edt
730 0 _aVerénderte Welt
_lspan.
942 _2lcc
_cbk
946 _aclperez
994 _aC0
_bDRFGD
999 _c70925
_d70925